Tithonian to Valanginian microfossils from the "Cieszyn Beds" in the Outer Western Carpathians (Silesian Unit), Poland

Bibliographic Details
Main Authors: Szydlo, Andrzej (Author), Jugowiec, Małgorzata (Author)
Format: Article
Language:Slovak
English
ISSN:0369-2086
Subjects:

MARC

LEADER 00000nab a2200000 a 4500
001 vtls000639398
003 SK-MaSNL
005 20260304090809.0
008 250425c1997 xo 0 slo
015 |a SNBRB19rr/mm-uuuuu 
035 |a CL0639537 
035 |a (urnnbn)urn:nbn:sk:snk:ar-005lbe 
035 |a (uuid)a33d753d-1e81-4d6f-8e32-1fa6236e05fa 
035 |a urn:nbn:sk:snk-ab80zz 
040 |a SNKBUCL  |b slo  |c SNKBUCL  |e AACR2 
041 0 |a eng 
044 |a xo  |c SK 
080 |a 563.12(234.372.3)"6153"  |2 1981 
080 |a 551.763.1  |2 1981 
100 1 |a Szydlo, Andrzej  |4 aut  |9 776430 
245 1 0 |a Tithonian to Valanginian microfossils from the "Cieszyn Beds" in the Outer Western Carpathians (Silesian Unit), Poland  |c Andrzej Szydlo, Malgorzata Jugowiec 
650 0 7 |a dierkovce  |2 snkbucl  |9 57866 
650 0 7 |a nanoplanktón  |2 snkbucl  |9 166173 
650 0 7 |a krieda spodná  |2 snkbucl  |9 968790 
651 7 |a Poľsko  |2 snkbucl  |9 16755 
655 7 |a články z novín a časopisov  |2 snkbucl  |9 267496 
700 1 |a Jugowiec, Małgorzata  |4 aut  |9 1382364 
773 0 |t Mineralia slovaca  |g Roč. 29, č. 4-5 (1997), s. 351  |x 0369-2086 
850 |a Slovenská národná knižnica 
852 |a Slovenská národná knižnica 
958 |a article9 
958 |a PL 
958 |a RK 
958 |a OND 
958 |a EUIPO 
992 |a RBX 
999 |c 2812764  |d 2814694